000 00312nam a2200133Ia 4500
100 _aJohn/J.E.A
942 _cBK
654 _amechanics
245 _aIntroduction to Fluid Mechanics and fluid machines
260 _bprentice hall
_aNew Delhi
_c1983
082 _a532
_bSOM
300 _a1983
546 _aENGLISH
999 _c23068
_d23068